| 000 | 00694cam a2200229 4500 | ||
|---|---|---|---|
| 001 | D10933 | ||
| 008 | 090401t1979 xxu||||| |||| 00| 0 eng d | ||
| 022 | _a0305-4713 | ||
| 035 | _a(Sirsi) u96995 | ||
| 041 | _aeng | ||
| 050 | _a346.41104342 | ||
| 100 | _aKennedy, P.J.F. | ||
| 245 | _aPoints to remember in preparing residential leases in Scotland | ||
| 260 | _c1979 | ||
| 300 | _a12p. 21cm | ||
| 350 | _a0.4 | ||
| 490 |
_aLand Agency and Agriculture Practice Leaflet _v12 |
||
| 520 | _aIn: RICS Practice Leaflets 1974/9. March 1979 revision. | ||
| 710 |
_aRoyal Institution of Chartered Surveyors _bLand Agency and Agriculture Division _91449 |
||
| 942 | _n0 | ||
| 948 | _c04/03/1997 | ||
| 999 |
_c98756 _d98756 |
||